Direct current fundamentals

Spremljeno u:
Bibliografski detalji
Glavni autor: Herman, Stephen L.
Format: Knjiga
Jezik:Undetermined
Izdano: Clifton Park, NY Thomson Delmar Learning 2007
Teme:
Oznake: Dodaj oznaku
Bez oznaka, Budi prvi tko označuje ovaj zapis!
Thư viện lưu trữ: Trung tâm Học liệu Trường Đại học Cần Thơ
LEADER 00645nam a2200217Ia 4500
001 CTU_124397
008 210402s9999 xx 000 0 und d
020 |c 1293000 
082 |a 621.31912 
082 |b H551 
100 |a Herman, Stephen L. 
245 0 |a Direct current fundamentals 
245 0 |c Stephen L. Herman 
260 |a Clifton Park, NY 
260 |b Thomson Delmar Learning 
260 |c 2007 
650 |a Electric engineering,Electric currents, Direct,Electric circuits 
650 |x Textbooks.,Textbooks.,Direct current 
650 |y Textbooks. 
904 |i Minh 
980 |a Trung tâm Học liệu Trường Đại học Cần Thơ